Organic chemistry
Guardat en:
| Autors principals: | , |
|---|---|
| Format: | Llibre |
| Idioma: | anglès |
| Publicat: |
Englewood Cliffs
Prentice-Hall
1987
|
| Matèries: | |
| Etiquetes: |
Afegir etiqueta
Sense etiquetes, Sigues el primer a etiquetar aquest registre!
|
MARC
| LEADER | 00000nam a2200000 a 4500 | ||
|---|---|---|---|
| 001 | UCY0482 | ||
| 003 | CL-VaPUC | ||
| 008 | 940803e19870000US |||||||||||||||||eng|d | ||
| 082 | 0 | 4 | |a 547 |b WAD |2 21 |
| 100 | 0 | |a Wade, Leroy G |e author |9 328217 | |
| 700 | 0 | |a Carlson, Robert G |e author |9 328218 | |
| 245 | 1 | 0 | |a Organic chemistry |
| 300 | |a 149 p | ||
| 942 | |c BK | ||
| 945 | |d 19940803 00:00:00 |a mfernand | ||
| 260 | |a Englewood Cliffs |b Prentice-Hall |c 1987 | ||
| 650 | 0 | |a Química orgánica |9 259426 | |
| 583 | |a last modification |c 20120812 04:45:27 |k Rodrigo Vera | ||
| 999 | |c 229475 |d 229473 | ||
| 952 | |0 0 |1 0 |4 0 |6 547_000000000000000_WAD_1987 |7 0 |8 A |9 230660 |a BIBALI |b BIBALI |c GEN |d 2019-11-15 |i 3001695 |o 547 WAD 1987 |p 3001695 |r 2025-01-20 |w 2019-11-15 |y BK |k ALI | ||
| 952 | |0 0 |1 0 |4 0 |6 547_000000000000000_WAD_1987 |7 0 |8 A |9 230661 |a BIBALI |b BIBALI |c GEN |d 2019-11-15 |i 3001776 |o 547 WAD 1987 |p 3001776 |r 2025-01-20 |w 2019-11-15 |y BK |k ALI | ||